Handbook of Solid Modeling / (Record no. 12235)
[ view plain ]
| 000 -LEADER | |
|---|---|
| fixed length control field | 00957cam a2200241 a 4500 |
| 001 - CONTROL NUMBER | |
| control field | 4923497 |
| 005 - DATE AND TIME OF LATEST TRANSACTION | |
| control field | 19950831144153.8 |
| 008 - FIXED-LENGTH DATA ELEMENTS--GENERAL INFORMATION | |
| fixed length control field | 950125s1995 nyua f 001 0 eng |
| 010 ## - LIBRARY OF CONGRESS CONTROL NUMBER | |
| LC control number | 95004022 |
| 020 ## - INTERNATIONAL STANDARD BOOK NUMBER | |
| International Standard Book Number | 0070357889 (acidfree paper) |
| 040 ## - CATALOGING SOURCE | |
| Original cataloging agency | DLC |
| Transcribing agency | DLC |
| Modifying agency | DLC |
| 050 00 - LIBRARY OF CONGRESS CALL NUMBER | |
| Classification number | TA177 |
| Item number | .H36 1995 |
| 082 00 - DEWEY DECIMAL CLASSIFICATION NUMBER | |
| Classification number | 658.5752 |
| Edition number | 20 |
| Item number | HAN |
| 245 00 - TITLE STATEMENT | |
| Title | Handbook of Solid Modeling / |
| Statement of responsibility, etc | Donald E. LaCourse, editor in chief. |
| 260 ## - PUBLICATION, DISTRIBUTION, ETC. (IMPRINT) | |
| Place of publication, distribution, etc | New York : |
| Name of publisher, distributor, etc | McGraw-Hill, |
| Date of publication, distribution, etc | c1995. |
| 300 ## - PHYSICAL DESCRIPTION | |
| Extent | 1 v. (various pagings) : |
| Other physical details | ill. (some col.) ; |
| Dimensions | 29 cm. |
| 500 ## - GENERAL NOTE | |
| General note | Includes indexes. |
| 650 #0 - SUBJECT ADDED ENTRY--TOPICAL TERM | |
| Topical term or geographic name as entry element | Engineering models. |
| 9 (RLIN) | 7689 |
| 700 1# - ADDED ENTRY--PERSONAL NAME | |
| Personal name | LaCourse, Donald E. |
| 9 (RLIN) | 7690 |
| 942 ## - ADDED ENTRY ELEMENTS (KOHA) | |
| Source of classification or shelving scheme | Dewey Decimal Classification |
| Item type | Reference (NB) |
| Withdrawn status | Item status | Source of classification or shelving scheme | Damaged status | Not for loan | Vendor | Home library | Current library | Shelving location | Date acquired | Source of acquisition | Cost, normal purchase price | Serial Enumeration / chronology | Total Checkouts | Full call number | Barcode | Date last seen | Koha item type |
|---|---|---|---|---|---|---|---|---|---|---|---|---|---|---|---|---|---|
| Dewey Decimal Classification | Alahram | Central Library | Central Library | Ground Floor | 07/07/2009 | 430.50 | 72 | 658.5752 HAN | 000017343 | 15/07/2025 | Reference (NB) |